00474nam a2200157Ia 4500003000400000005001700004008004100021040001800062041000800080082001500088100004600103245008100149260002600230600003000256650003000286OSt20260325104103.0211028s2006 xx 000 0 und d cAIMIT LIBRARY aeng a658.3 ABRM aAbraham, Manoj;Dsouza, Preethi.g40911098 aAn analysis of employee referral programmes in the BPO sector in Bangalore / bDsouza, Preethic2006 aHuman Resource Management aHuman Resource Management